Normal view
MARC view
Entry Personal Name
001 - CONTROL NUMBER
- control field: 6499
003 - CONTROL NUMBER IDENTIFIER
- control field: ARRUPE
005 - DATE AND TIME OF LATEST TRANSACTION
- control field: 20140103141236.0
008 - FIXED-LENGTH DATA ELEMENTS
- fixed length control field: 140103|| aca||aabn | a|a d
040 ## - CATALOGING SOURCE
- Original cataloging agency: ARRUPE
- Transcribing agency: ARRUPE
100 ## - HEADING--PERSONAL NAME
- Personal name: Marx, Karl
670 ## - SOURCE DATA FOUND
- Source citation: Work cat.: (ARRUPE): Marx, Karl, Economic and Philosophic Manuscripts of 1844, 1977